| 000 | 02943nam0a2200361 i 4500 | ||
|---|---|---|---|
| 001 | RU\NLR\BIBL_A\011591521 | ||
| 005 | 20260407085008.0 | ||
| 010 |
_a9785889994602 _950 |
||
| 021 |
_aRU _b2017-95247 _96838 |
||
| 035 | _a(RuMoRGB)009483040 | ||
| 035 | _a(NLR Aleph) 011591521 | ||
| 090 |
_a10841231 _c10841231 |
||
| 100 | _a20180112d2017 km y0rusy50 ca | ||
| 101 | 0 | _arus | |
| 102 | _aRU | ||
| 105 | _ay|||z|||010zy | ||
| 200 | 1 |
_aАктуальные проблемы развития высшего медицинского образования России XVIII-XXI вв. _eсборник статей научно-практической конференции с международным участием "К 120-летию Первого Санкт-Петербургского государственного медицинского университета имени акад. И. П. Павлова", 9 ноября 2017 года _fФедеральное государственное бюджетное образовательное учреждение высшего образования "Первый Санкт-Петербургский государственный медицинский университет им. акад. И. П. Павлова" Министерства здравоохранения Российской Федерации _g[ответственный редактор: д.ист.н., проф. И. В. Зимин] |
|
| 210 |
_aСанкт-Петербург _cРИЦ ПСПбГМУ _d2017 |
||
| 215 |
_a152 с. _d20 |
||
| 320 | _aБиблиогр. в конце ст. | ||
| 601 | 0 | 2 |
_aСанкт-Петербургский государственный медицинский университет им. И. П. Павлова _92191488 _3RU\NLR\AUTH\661317349 |
| 606 | 1 |
_aВысшее медицинское образование _xИстория _yРоссия _z18 - 21 вв. _92353555 _3RU\NLR\AUTH\6601628722 |
|
| 686 |
_aР11(2)р3г.я431(0) _2rubbk |
||
| 686 | 1 | _aЧ488.94(2Р)7я431 | |
| 686 | 1 | _aЧ488.93(2)я431 | |
| 702 | 1 |
_aЗимин _bИ. В. _gИгорь Викторович _4340 |
|
| 711 | 1 | 2 |
_a"К 120-летию Первого Санкт-Петербургского государственного медицинского университета имени академика И. П. Павлова", научно-практическая конференция с международным участием _f2017 _9585929 _3RU\NLR\AUTH\880461680 |
| 712 | 0 | 2 |
_4557 _aСанкт-Петербургский государственный медицинский университет им. И. П. Павлова _3RU\NLR\AUTH\8812801 _9298499 |
| 942 | _cBOOK | ||
| 980 | _aNBR | ||